| 000 | 00642nam a2200241 a 4500 | ||
|---|---|---|---|
| 001 | nice12345678 | ||
| 003 | IN_TiNIC | ||
| 005 | 20260116012324.0 | ||
| 008 | 050524s1981 haga grp 000 0 eng | ||
| 020 |
_a9027987 _c105 |
||
| 082 | 0 | 0 |
_a297.1 _bSMI |
| 100 | _aSmith, Wilfred Cantwell | ||
| 245 |
_aOn Understanding Islam _b Selected Studies. |
||
| 260 |
_aHague _bMouton Publisher _c1981 |
||
| 300 | _a351p. | ||
| 500 | _aincludes index and biblioraphy | ||
| 505 | 2 | _aEight articles bound together | |
| 650 | _aIslam-Meccan Trade | ||
| 700 | 1 | _aSmith, Wilfred Cantwell | |
| 902 | _bSRS | ||
| 942 | _cBK | ||
| 999 |
_c6551 _d6551 |
||